000 nam a22 7a 4500
999 _c7205
_d7205
008 170728b xxu||||| |||| 00| 0 eng d
100 _93781
_aAnderson T. Neil
245 _aFreedom from fear
260 _aMadurai
_bHarvest house publishers
_c1999